03111nam a2200301 a 450000100100000000500170001000800410002702000150006804000250008308200180010810000480012624501920017426000450036630000360041150000660044750515360051350400360204960000440208565000490212965000640217870000400224204900090228295201310229195201310242295201170255395201220267099900170279200001509920200929163945.0100201s2005 dr ac 001 0 spa d a9993467227 aDO-SdBNPbspacBNPHU a920.24bP419M1 aPenzo Pichardo, Mario Augustod1944-93418210aMario Penzo Fondeur :buna vida al servicio de la ingeniería : apuntes e imágenes de familia /cMario Augusto Penzo Pichardo, Natalio Puras Penzo ; Prólogo Roque Napoleón Muñoz. aSanto Domingo :bAmigo del Hogar,c2005. a279 p. :bil., retrs. ;c26 cm. aIncluye datos biográficos de los autores en la contrasolapa2 aPrólogo /Roque Napoleón Muñoz --Introducción -- Una vida al servicio de la ingeniería / Mario Penzo Fondeur -- El profesor -- El funcionario público -- El empresario de la construcción -- Padre de familia -- Sus pasatiempos -- Su libro : Apuntes de una cátedra -- Repercusiones internacionales -- Ex discípulos destacados -- Ultimas actividade -- Condecoraciones y homenajes -- Epílogo -- Bibliografía --Apuntes e imagenes de familia reflexiones y dedicatoria -- La Deuda Sagrada -- Origen de los Fondeur -- Los 90 años de Mamita Virginia -- Los 100 años de Ninina -- El doctor Nicolás Penzo Fondeur -- Gloria y Federico Penzo Fondeur -- Primera Comunión de Nicolás, Federico y Gloria Penzo Fondeur -- Mario, Ana y Nicolás Penzo Fondeur -- Mario Penzo Fondeur, sus familiares y algunas de sus obras -- José Augusto Sánchez Penzo y Salvador Sánchez, hijo de José Amado Sánchez Penzo -- Nicolás Augusto Penzo Amarante Don Augusto -- 50 años del matrimonio Penzo-Fondeur -- 50 aniversario de bodas Penzo-Pichardo -- Los 100 años de Leticia Fondeur Viudad Penzo-- Llegada del primer Penzo a República Dominicana-- Nicolás Penzo-Pierre y su descendencia -- Mario Penzo-Amarante -- Ferretería Moderna de Augusto Penzo y Co. -APECO- -- Alejandro Leonte Penzo Amarante --Los Penzo Amarante, cofundadores del Centro de Recreo de Santiago -- Boda Nucha y Palote -- Fotografías de Isa Puras Penzo y Noemí Penzo Pichardo -- Matrimonio Puras-Penzo -- Cartas de Tío Goyo y Gregorita. aIncluye bibliografía (p. 177)14aPENZO FONDEUR, MARIO,d1910-2003934183 4aPenzo fondeur (familia)xGenealogía934184 4aIngeniería civilxHistoriazRepública Dominicana9341851 aPuras Penzo, Natalio,d1934-934186 aBNPD 001052708DSaGRbGRcCTd2010-02-01iLF1l0o920.24 P419Mp15099-30r2020-06-25te. 3w2020-06-25yLFDSZPréstamo interno 001052708DSaGRbGRcCTd2010-02-01iLF1l0o920.24 P419Mp15099-40r2020-06-25te. 4w2020-06-25yLFDSZPréstamo interno 00107-18PDaPDbPDcOId2010-02-01iLF1l0o920.24 P419Mp15099-10r2020-06-25w2020-06-25yLFPDZNo se presta 0010718PDaPDbPDcCTd2010-02-01iLF1l0o920.24 P419Mp15099-20r2020-06-25te. 2w2020-06-25yLFPDZNo se presta c14671d14671